Quiz o II Rzeczpospolitej - Statystyki

Ogólne statystyki
  • Ten quiz został rozwiązany 32 razy
  • Średni wynik to 4 z 9
Statystyki odpowiedzi
Hint Odpowiedź % Poprawnych
Stolica Warszawa
100%
Waluta (1924-1939) Złoty
88%
Marszałek Józef Piłsudski
65%
Religie dominujące Judaizm, prawosławie, katolicyzm
54%
Ludność (w milionach) 34
50%
Powierzchnia 389 720
8%
Języki urzędowe Polski, litewski, niemiecki, ukraiński, białoruski
4%
Premier Tomasz Arciszewski
4%
Prezydent Władysław Raczkiewicz
4%
Nie znaleziono quizów pasujących do podanych kryteriów
Rozkład punktacji
Procent ludzi z każdym wynikiem
Percentyl według liczby udzielonych odpowiedzi
Twoja historia wyników
Nie rozwiązałeś tego quizu